| 000 | 00432nam a2200145 a 4500 | ||
|---|---|---|---|
| 001 | 000030371 | ||
| 005 | 20200930062258.0 | ||
| 008 | 110511s1985 cr 000 0 spa d | ||
| 040 |
_aDO-SdBNP _bspa _cBNPHU |
||
| 082 |
_axxxx _bR426d |
||
| 245 | 0 | 0 |
_aRepública Dominicana : _bestimaciones y proyecciones de población 1950-2025. |
| 260 |
_aSan José, Costa Rica : _bTexto LTDA, _c1985. |
||
| 300 |
_a165 p. ; _c27 cm. |
||
| 049 | _aBNPD | ||
| 999 |
_c29863 _d29863 |
||